| 000 | 00975nam a2200277 c 4500 | ||
|---|---|---|---|
| 999 |
_c344867 _d344867 |
||
| 003 | BLK | ||
| 005 | 20191007115647.0 | ||
| 008 | 180911b bul|||||r ||||||| ||bul|| | ||
| 010 | _a004533 | ||
| 040 | _aBLK | ||
| 041 |
_aFRE _cBUL |
||
| 080 | _z801.323.2=40=867 | ||
| 100 | 1 |
_aГЕНАДИЕВ, Харитон _eпърви автор _9399232 |
|
| 245 | 0 | 0 | _aМалък френско-български речник |
| 246 | _aСъдържащ 22000 думи с обширна фразеология | ||
| 260 |
_aПловдив _bХр. Г. Данов _c1899 _fХр. Г. Данов |
||
| 300 |
_a432 с _c15 см |
||
| 380 | _a80 | ||
| 490 |
_aЧастна колекция - Академик Михаил Арнаудов _gДарение - Основен фонд |
||
| 500 | _aМихаил Арнаудов: подпис | ||
| 650 |
_aЕзици _9396454 |
||
| 655 |
_aЕзикознание _9396452 |
||
| 700 | 1 |
_aХ. Геннадиев _9399233 |
|
| 852 | _aМА 2834 | ||
| 942 |
_cKNG _n0 _s1 |
||
| 944 |
_aCR _c1994 |
||
| 999 | _d344867 | ||